علامات يوم القيامة / (رقم التسجيلة. 703)

تفاصيل مارك
000 -الفاتح
عناصر البيانات ثابتة الطول 00705cam a2200169 i 4500
005 - تاريخ ووقت آخر معاملة
حقل ضبط 20251203092850.0
008 - عناصر البيانات ثابتة الطول
عناصر البيانات ثابتة الطول 250721s1980 ua gr 000 0 ara d
082 14 - رقم تصنيف ديوي العشري
رقم التصنيف 214.2
رقم المادة ك ث ي
100 1# - مدخل رئيسي – اسم شخصي
الاسم الشخصي إبن كثير، عماد الدين أبو الفداء
تواريخ خاصة بالشخص -744ه.
علاقة الشخص بالعمل/ دوره مؤلف.
245 10 - بيان العنوان
العنوان علامات يوم القيامة /
بيان المسؤولية للحافظ ابن كثير الدمشقي ؛ تحقيق وتعليق عبداللطيف عاشور.
264 1# - بيانات النشر، التوزيع…إلخ
مكان النشر، التوزيع...إلخ القاهرة :
اسم الناشر، الموزع...إلخ مكتبة القران للطبع والنشر والتوزيع،
تاريخ النشر، التوزيع...إلخ 1980.
300 ## - الوصف المادي
عدد الوحدات المكونة للوعاء 95صفحه.
650 17 - مدخل إضافي بالموضوع - مصطلح موضوعي
مصطلح موضوعي أو اسم جغرافي كعنصر مدخل اليوم الآخر.
700 1# - مدخل إضافي - اسم شخصي
الاسم الشخصي عاشور، عبد اللطيف
علاقة الشخص بالعمل/ دوره تحقيق
942 ## - بيانات إضافية (كوها)
نوع التنصيف Dewey Decimal Classification
نوع المادة (كوها) كتب
المقتنيات
حالة السحب حالة الفقدان مصدر التصنيف حالة التلف غير قابل للإعارة المكتبة الرئيسية المكتبة الحالية موقع الرف تاريخ التزويد الرقم المتسلسل Total Checkouts رقم الإستدعاء الباركود تاريخ آخر ظهور تاريخ الفاتورة نوع المادة (كوها)
    Dewey Decimal Classification     المكتبة المركزية المكتبة المركزية الإعارة 06/07/2004 321274   214.2 / ك ث ي 321274 28/07/2025 06/07/2004 كتب
    Dewey Decimal Classification     مكتبة الحسن العامة مكتبة الحسن العامة الإعارة 28/07/2025 516350   214.2/كثي 516350 28/07/2025 28/07/2025 كتب
    Dewey Decimal Classification     مكتبة حمزة العامة مكتبة حمزة العامة الإعارة 13/01/2016 [1208]....   214.2/كثي PLD00368941 28/07/2025 13/01/2016 كتب
    Dewey Decimal Classification     مكتبة صويلح العامة مكتبة صويلح العامة الإعارة 13/09/2015 [3834   214.2/كثي PLD00346669 28/07/2025 13/09/2015 كتب
Implemented & Customized by: BBB with SCIT (Smart Chains for Information Technology)

Powered by Koha